Normal view
MARC view
Entry Personal Name
001 - CONTROL NUMBER
- control field: 1365
003 - CONTROL NUMBER IDENTIFIER
- control field: HDC
005 - DATE AND TIME OF LATEST TRANSACTION
- control field: 20230624073113.0
008 - FIXED-LENGTH DATA ELEMENTS
- fixed length control field: 201224|| aca||aabn | a|a d
040 ## - CATALOGING SOURCE
- Original cataloging agency: HDC
- Transcribing agency: HDC
100 ## - HEADING--PERSONAL NAME
- Personal name: Muhammad Abdi Almaktsur
670 ## - SOURCE DATA FOUND
- Source citation: Work cat.: (HDC): Proceedings of the World Congress on Engineering Vol II, July 5-7, 2017, London, U.K. 1362, Performance Measurement for Halal Food Certification: A Research Agenda /, [no year]
